Faculty of Law Library — Cairo University

Official Online Catalog

جرائم التشرد والاشتباه في القانون المصري : (Record no. 54488)

MARC details
000 -LEADER
fixed length control field 01587nam a2200325 i 4500
003 - CONTROL NUMBER IDENTIFIER
control field EG-GICUC
005 - DATE AND TIME OF LATEST TRANSACTION
control field 20260121101646.0
008 - FIXED-LENGTH DATA ELEMENTS--GENERAL INFORMATION
fixed length control field 260104s1978 ua ||||fr|||| 001 0 ara d
017 ## - COPYRIGHT OR LEGAL DEPOSIT NUMBER
Copyright or legal deposit number 2099 لسنة 1978
040 ## - CATALOGING SOURCE
Original cataloging agency EG-GICUC
Language of cataloging ara
Transcribing agency EG-GICUC
Modifying agency EG-GICUC
Description conventions rda
041 ## - LANGUAGE CODE
Language code of text/sound track or separate title ara
082 04 - DEWEY DECIMAL CLASSIFICATION NUMBER
Classification number 343.433
Item number م ح . ج
Edition number 21
092 04 - LOCALLY ASSIGNED DEWEY CALL NUMBER (OCLC)
Edition number 21
099 ## - LOCAL FREE-TEXT CALL NUMBER (OCLC)
Classification number Law1 10 343.433 م ح . ج ed 1 - 1978 1006767
100 0# - MAIN ENTRY--PERSONAL NAME
Personal name محمد عزمي البكري.
Relator term مؤلف.
245 10 - TITLE STATEMENT
Title جرائم التشرد والاشتباه في القانون المصري :
Remainder of title شرح تفصيلي وتعليق بآراء الفقهاء وجميع أحكام النقض على جميع مواد المرسوم بقانون رقم 98 لسنة 1945 والقانون رقم 74 لسنة 1970 في شأن وضع بعض المشتبه فيهم تحت مراقبة الشرطة، وما يتعلق بهما من أحكام مراقبة الشرطة /
Statement of responsibility, etc. محمد عزمي البكري.
250 ## - EDITION STATEMENT
Edition statement الطبعة الأولى،
264 #1 - PRODUCTION, PUBLICATION, DISTRIBUTION, MANUFACTURE, AND COPYRIGHT NOTICE
Place of production, publication, distribution, manufacture طنطا، مصر :
Name of producer, publisher, distributor, manufacturer المكتبة القومية الحديثة،
Date of production, publication, distribution, manufacture, or copyright notice 1978.
300 ## - PHYSICAL DESCRIPTION
Extent 206 صفحة ؛
Dimensions 24 سم.
336 ## - CONTENT TYPE
Source rda content
Content type term text
337 ## - MEDIA TYPE
Source rda media
Media type term Computer
338 ## - CARRIER TYPE
Source rda carrier
Carrier type term Online Resource
504 ## - BIBLIOGRAPHY, ETC. NOTE
Bibliography, etc. note يشتمل على ارجاعات ببليوجرافية.
546 ## - LANGUAGE NOTE
Language note النص باللغة العربية
650 1# - SUBJECT ADDED ENTRY--TOPICAL TERM
Topical term or geographic name entry element التشريع الخاص بالتشرد والتسول
Source of heading or term qrmak
651 1# - SUBJECT ADDED ENTRY--GEOGRAPHIC NAME
Source of heading or term qrmak
856 40 - ELECTRONIC LOCATION AND ACCESS
Uniform Resource Identifier <a href="https://fll.law.cu.edu.eg/fulltext/bks/B10-06767.pdf">https://fll.law.cu.edu.eg/fulltext/bks/B10-06767.pdf</a>
905 ## - Cataloger and Reviser Names
Cataloger Name: Ramy
942 ## - ADDED ENTRY ELEMENTS (KOHA)
Source of classification or shelving scheme Dewey Decimal Classification
Suppress in OPAC No
Koha item type Books
Edition 21
Holdings
Withdrawn status Lost status Source of classification or shelving scheme Damaged status Not for loan Collection Home library Current library Date acquired Total checkouts Full call number Barcode Date last seen Copy number Price effective from Koha item type
    Dewey Decimal Classification   Not for loan القانون الجنائي جــــامعة القــاهرة مكتبة كلية الحقوق - المبنى الرئيسي 04.01.2026   Law1 10 343.433 م ح . ج ed 1 - 1978 1006767 C1 B10-06767 04.01.2026 1 04.01.2026 Books
    Dewey Decimal Classification     القانون الجنائي جــــامعة القــاهرة مكتبة كلية الحقوق - المبنى الرئيسي 04.01.2026   Law1 10 343.433 م ح . ج ed 1 - 1978 1006768 C2 B10-06768 04.01.2026 2 04.01.2026 Books
    Dewey Decimal Classification     القانون الجنائي جــــامعة القــاهرة مكتبة كلية الحقوق - فـرع الشيخ زايد 04.01.2026   Law2 10 343.433 م ح . ج ed 1 - 1978 1006769 C3 B10-06769 04.01.2026 3 04.01.2026 Books

© All rights reserved — Faculty of Law, Cairo University